| 000 | 01120nam a2200253Ia 4500 | ||
|---|---|---|---|
| 999 |
_c43913 _d43913 |
||
| 001 | 10662 | ||
| 003 | GE_BSU | ||
| 005 | 20250624142932.0 | ||
| 008 | 181216s2013||||ge |||||||||||||| ||geo|| | ||
| 020 | _a9789941932281 | ||
| 040 | _cGE_BSU | ||
| 041 | _ageo | ||
| 080 | _a349.2(479.22) ძ–21 | ||
| 100 |
_aძამუკაშვილი, დავით. _9925 |
||
| 245 |
_aშრომის სამართალი: _b[როგორ დავიცვათ დამსაქმებლისა და დასაქმებულის უფლებები] / _cდავით ძამუკაშვილი. |
||
| 250 | _aმე–4 გადამუშავებული გამოცემა | ||
| 264 |
_aთბილისი: _b ბონა კაუზა, _c2013. |
||
| 300 |
_a382 გვ.; _b20 სმ. |
||
| 504 | _aბიბლიოგრ.: გვ. 280. | ||
| 520 | _aიურისტის ბიბლიოთეკა. | ||
| 541 | _h14ლ. | ||
| 653 | _aსაქართველოს შრომის სამართალი | ||
| 942 |
_cBK _2udc |
||